000 00643nam a22002057a 4500
003 OSt
005 20251007110810.0
008 220728b ||||| |||| 00| 0 eng d
020 _a9780128012246
040 _cDDC
082 _a660.6 MOS 2006
100 _aRenneberg, Reinhard; Viola, Berkling; Vanya ,Loroch
_916060
245 _aBiotechnology for beginners
250 _aSecond edition
260 _aSingapore :
_bAcademic Press;
_c©2017
300 _axxviii, 425 pages :
_bcolor illustrations (some color) ;
_c 28 cm
504 _aIncludes bibliographical references, & index.
650 _aBiotechnology.
_94840
942 _2ddc
_cBOOK
999 _c7906
_d7906